000 00792nam a2200193Ii 4500
003 JO-AjNU
008 230605s9999||||xx |||||||||||||| ||und||
040 _aJO-AjNU
_bara
_erda
_cJO-AjNU
041 _aara
050 1 4 _aBP136.8.S85 2002
100 3 _aالشافعي، جلال الدين عبد الرحمن بن أبي بكر السيوطي ؛ ضبط وتصحيح محمد عبد العزيز الخالدي,
_eauthor
_956433
245 0 0 _aتنوير الحوالك شرح على موطأ مالك
264 3 1 _aبيروت: دار الكتب العلمية، 2002
300 _a744ص
336 _atext
_btxt
_2rdacontent
337 _aunmediated
_bn
_2rdamedia
338 _avolume
_bnc
_2rdacarrier
650 4 _aالفقه المالكي- الحديث- شرح- المسانيد
_956434
999 _aA25229
_c28797
_d28797